| 000 | 01926nam a2200301Ia 4500 | ||
|---|---|---|---|
| 005 | 20220316235357.0 | ||
| 008 | 121119s2002 sp gr 000 fdspa | ||
| 020 | _a848310508X | ||
| 041 | 1 | _aspa | |
| 100 | 1 |
_aVian, Boris, _d1920-1959 |
|
| 245 | 1 | 3 |
_aLa hierba roja _cBoris Vian ; traducción de Jordi Marti |
| 250 | _aSegunda edición | ||
| 264 | 1 |
_aBarcelona _bTusquest _c2002 |
|
| 300 |
_a194 páginas _c19 cm. |
||
| 336 |
_atexto _btxt _2rdacontent |
||
| 337 |
_asin mediación _bn _2rdamedia |
||
| 338 |
_avolumen _bnc _2rdacarrier |
||
| 490 | 0 | _aColección fábula | |
| 504 | _aIncluye biografía del autor | ||
| 520 | 3 | _aEl ingeniero Wolf y su ayudante, el mecánico Lazuli, construyen una máquina del tiempo gracias a la que Wolf pretende, mediante el retorno a su infancia, conjurar todos los errores y todas las obsesiones que le habían acosado entonces. Sólo exorcizando aquellas sombras estará, cree él, en condiciones de recuperar la facultad de gozar de los fugaces instantes de felicidad que le brinda la vida. Pero todos sabemos que los inquisidores no aceptan semejantes audacias y quién sabe si Wolf conseguirá sobreponerse a ellos…Esta es tal vez la novela más intimista y menos burlesca de Vian, y muchas de las situaciones remiten sin duda a su vida personal. No obstante, a la ternura que inspira esta historia, a la vez dolorosa y patética, Vian no puede dejar de añadir, como siempre en toda su obra, la desbordante fantasía y la lúcida insolencia que otorga a personajes e historias esa mágica y contagiosa vitalidad que atrapa de principio a fin a sus lectores de ayer y de hoy, más que incondicionales adictos. | |
| 650 | 1 | 4 |
_2LEMB _aNovela francesa |
| 650 | 1 | 4 |
_2LEMB _aLiteratura francesa |
| 650 | 1 | 4 |
_2LEMB _aHistoria de aventuras _zFrancia |
| 700 | 1 |
_aMarti, Jordi _dtraductor _9118174 |
|
| 942 |
_2loc _cBKLIT |
||
| 040 |
_aCO-BoRNBP _bspa _erda _cCO-BoRNBP |
||
| 084 | _aN VIA2 | ||
| 999 |
_c770 _d770 |
||